Espantajos /

Guardado en:
Autor Principal: Alekos
Otros Autores: Melo, Helena; il.
Formato: Libro
Publicado: Buenos Aires : Panamericana, 2013
Edición:2a. ed.
Series:Oa Infantil
Materias:
Etiquetas: Agregar Etiqueta
Sin Etiquetas, Sea el primero en etiquetar este registro!
LEADER 00963nam a22002775a 4500
001 CEM.cems015471
008 130507s2013##################000#0#####d
005 20240311142432.0
245 1 0 |a Espantajos /  |c Alejos ; ilustrado Por Helena Melo 
250 |a 2a. ed. 
260 |a Buenos Aires :  |b Panamericana,  |c 2013 
300 |a 44 p. 
490 0 |a Oa Infantil 
020 |a 9789871609437 
100 1 |a Alekos 
700 1 |a Melo, Helena; il. 
082 0 4 |a C868.4 
653 |a Literatura 
653 |a Literatura colombiana 
653 |a Literatura infantil 
653 |a Cuentos infantiles 
653 |a Colección ciencias de la educación 
859 |a CEMS  |b BIB. CEMS - Inicial y Primaria  |h C868.4  |i Al253  |k IP  |p 4014  |t Ej.1 
859 |a CEMS  |b BIB. CEMS - Ccias. Educacion  |h C868.4  |i Al253  |k CE  |p 28900.19  |t Ej.1 
859 |a CEMS  |b BIB. CEMS - Inicial y Primaria  |h C868.4  |i Al253  |k IP  |p 4087  |t Ej.2 
859 |a CEMS  |b BIB. CEMS - Inicial y Primaria  |h C868.4  |i Al253  |k IP  |p 4510  |t Ej.3